BIBLIOTECA

Normal view MARC view
  • DERECHO CIVIL

Entry Término temático

Number of records used in: 9

001 - NÚMERO DE CONTROL

  • campo de control: 14658

003 - IDENTIFICADOR DEL NÚMERO DE CONTROL

  • campo de control: AR-SiUPM

005 - FECHA Y HORA DE LA ÚLTIMA TRANSACCIÓN

  • campo de control: 20260401174919.0

008 - DATOS DE LONGITUD FIJA

  • campo de control de longitud fija: 260401|| aca||aabn | a|a d

040 ## - FUENTE DE LA CATALOGACIÓN

  • Centro catalogador/agencia de origen: AR-SiUPM
  • Centro/agencia transcriptor: AR-SiUPM

150 ## - ENCABEZAMIENTO--TÉRMINO DE MATERIA

  • Término de materia o nombre geográfico como elemento de entrada: DERECHO CIVIL

670 ## - FUENTE DE DATOS ENCONTRADOS

  • Cita de la fuente: Work cat.: (AR-SiUPM): Alterini, Juan Martín 14645, La demanda de daños /, 2020